000 00293 a2200145 4500
001 171331
020 _a
040 _cMagnum
100 _aLago, Samuel Ramos
240 1 0 _aCiencias/3 serie
_lpor
245 1 0 _aCiencias/3 serie
362 0 _a1899
697 _aPARADIDATICOS
942 _cBK
999 _c171331
_d171331